Fr. Conceicao Rodrigues College of Engineering

Basic Electrical Engineering (Record no. 25707)

MARC details
000 -LEADER
fixed length control field 00324nam a2200157Ia 4500
082 ## - DEWEY DECIMAL CLASSIFICATION NUMBER
Item number MEH
100 ## - MAIN ENTRY--PERSONAL NAME
Personal name Mehta/V.K/ mehta/ Rohit
245 ## - TITLE STATEMENT
Title Basic Electrical Engineering
260 ## - PUBLICATION, DISTRIBUTION, ETC.
Name of publisher, distributor, etc. S.Chand & Co.
Date of publication, distribution, etc. 2012
366 ## - TRADE AVAILABILITY INFORMATION
Publishers's discount category 20
300 ## - PHYSICAL DESCRIPTION
Extent 989
546 ## - LANGUAGE NOTE
Language note ENGLISH
650 ## - SUBJECT ADDED ENTRY--TOPICAL TERM
Topical term or geographic name entry element Electrical
942 ## - ADDED ENTRY ELEMENTS (KOHA)
Koha item type BOOK
Holdings
Withdrawn status Lost status Damaged status Not for loan Collection Home library Current library Date acquired Source of acquisition Cost, normal purchase price Inventory number Total Checkouts Full call number Barcode Date last seen Date last checked out Cost, replacement price Price effective from Koha item type
        CRC Fr. Agnel's C.Rodrigues College of Engineering AGNEL TECHNICAL COLLEGE LIBRARY 17/03/2023 Allied Publishers 540.00 778 dt 15.03.2019 3 MEH 25592 02/01/2025 28/10/2024 675.00   BOOK